000 00658nam a2200193 a 4500
005 20210223120904.0
008 991125c1976 mx 000 0 spa u
035 _aUPN01000008734
049 _aCG
050 4 _aHF3235 E8
_bT3.38
100 1 _aTandron, Humberto
245 1 3 _aEl comercio de Nueva España y la controversia sobre la libertad de comercio, 1796-1821 /
_cHumberto Tandron ; tr. Susana Liberti.
260 _aMéxico :
_bIMCE,
_c1976.
300 _a147 p., [4] p. de láms.
440 0 _aHistoria del comercio exterior de México
651 4 _aESPAÑA -
_xCOMERCIO -
_zMEXICO
_920677
651 4 _aMEXICO -
_xCOMERCIO -
_zESPAÑA
905 _aLibro
999 _c8734
_d8734